000 00470pab a2200181 454500
008 180718b2009 xxu||||| |||| 00| 0 eng d
100 _aRajeev, Meenakshi
245 _aEmployment in the BPO industry - current status and future prospects
260 _c2009
300 _ap.713-23.
362 _aOct-Dec
650 _aOutsourcing
650 _aEmployment
700 _aVani, B.P.
773 _aIndian Journal of Labour Economics
908 _aN
909 _a85384
999 _c85384
_d85384